000 01137nam a2200313 i 4500
001 185009
003 SpMaBN
005 20250818053258.0
008 160304s1997 sp a |||| |dspa d
020 _a84-8310-524-1
080 _a7.049
080 _a159.942.2
100 1 _aBataille, Georges.
_926391
245 1 4 _aLas lágrimas de Eros:
_b[iconografía en colaboración con J.M. Lo Duca] /
_cGeorges Bataille ; introducción de J.M. Lo Duca ; traducción de David Fernández.
250 _a1ª ed. en col. Ensayo.
260 _aBarcelona :
_bTusquets,
_c1997.
300 _a266 p. :
_bil. ;
_c21 cm.
490 1 _aEnsayo ;
_v33
500 _aÍndice.
505 8 _aContiene: Georges Bataille en la distancia / J.M. Lo Duca. Cartas inéditas [de G. Bataille]
650 7 _aArte erótico
_2embne
_9158969
650 7 _aErotismo
_2embne
_9171042
700 1 _aLo Duca, Giuseppe Maria.
_972983
700 1 _aFernández, David
_c(traductor)
_9158970
740 0 2 _aCartas inéditas.
830 1 _aEnsayo ;
_v33
_9177699
852 _aES-MaACL
_jL-30243
_z- Donat. Miguel A. Velasco
999 _c185009
_d185009